[Event "BAN-chT SAIF POWERTEC 2020"]
[Site "Dhaka"]
[Date "2021.03.23"]
[Round "5.9"]
[White "Puranik, Abhimanyu"]
[Black "Mohammad Minhaz Uddin"]
[Result "1-0"]
[WhiteElo "2584"]
[BlackElo "2295"]
[Annotator "TA"]
[PlyCount "51"]
[EventDate "2021.03.19"]
[EventType "team-tourn"]
[EventCountry "BAN"]
[SourceTitle "playchess.com"]
[Source "ChessBase"]
[SourceQuality "1"]

{[%evp 19,51,54,79,73,82,60,99,68,119,95,112,103,97,64,110,105,107,114,127,122,114,117,197,200,189,188,242,239,319,310,287,254,29997,-693]} 1. e4 e5 2. Nf3 Nf6 3. d4 Nxe4 4. Bd3 Nc6 5. Nxe5 d5 6. Nxc6 bxc6 7. O-O Bd6 8. c4 O-O 9. c5 Be7 10. Nd2 f5 11. Nf3 {C43: Petroff Defence: 3 d4.} Bf6 {[#]} 12. Qc2 $146 ({Predecessor:} 12. Bf4 a5 13. Be5 Re8 14. Qc2 Ba6 15. Rfe1 Bxd3 {0-1 (15) Molteni,O (2000)-Leal,D (2316) ICCF email 2005}) 12... Bd7 13. b3 {White is better.} Be8 (13... Bc8 $14) 14. Ne5 Bxe5 15. dxe5 Qe7 16. Bb2 f4 17. Bxe4 dxe4 18. Qxe4 f3 19. e6 Qg5 {[%csl Gf3][%cal Rg5g2] [#]} 20. g3 {Threatens to win with Rfe1.} Bg6 (20... Qf5 $16 {was necessary.} 21. Qxf5 Rxf5) 21. Qxc6 $18 Rae8 22. Qxc7 {[%csl Gb2][%cal Rc7g7]} Bf5 (22... Re7 $142 23. Qd6 Rfe8) 23. Rfe1 Bxe6 24. h4 Qg6 25. Re5 {Strongly threatening Rg5.} Qc2 $2 {[#]} (25... Rf7 $18 26. Qc6 Rf5 27. Rxf5 Bxf5 28. Qxf3 Be4) 26. Qxg7+ $3 {[%mdl 33280] Weighted Error Value: White=0.12/Black=0.71. Loss on time!?} 1-0

[Event "BAN-chT SAIF POWERTEC 2020"]
[Site "Dhaka"]
[Date "2021.03.23"]
[Round "5.10"]
[White "Ahmed, Sheikh Nasir"]
[Black "Narayanan.S.L"]
[Result "0-1"]
[WhiteElo "2193"]
[BlackElo "2618"]
[Annotator "TA"]
[PlyCount "58"]
[EventDate "2021.03.19"]
[EventType "team-tourn"]
[EventCountry "BAN"]
[SourceTitle "playchess.com"]
[Source "ChessBase"]
[SourceQuality "1"]

{[%evp 22,58,0,-43,-39,-37,-42,-47,-46,-28,-6,-123,-64,-98,-106,-129,-137,-130,-133,-128,-120,-240,-241,-241,-244,-268,-270,-286,-295,-330,-332,-481,-470,-438,-441,-697,-695,-664,-617]} 1. c4 c5 2. Nc3 g6 3. g3 Bg7 4. Bg2 Nc6 5. e3 e6 6. Nge2 Nge7 7. O-O O-O 8. d4 cxd4 9. exd4 d5 10. cxd5 Nxd5 11. Nxd5 exd5 12. Qb3 Bg4 {A36: Symmetrical English vs ...g6: 4 Bg2 Bg7.} ({Reject} 12... Nxd4 $6 13. Nxd4 Bxd4 14. Bh6 $14) 13. Nc3 Nxd4 14. Qxd5 Qxd5 {Black is slightly better.} 15. Bxd5 Rad8 {[#]} 16. Be4 $146 (16. Bxb7 $11 Rb8 17. Be4) ({Predecessor:} 16. Bxb7 Rb8 17. Be4 Ne2+ {½-½ (17) Knazovcik,L (2300)-Petrzelka,J Morava 1994}) 16... Nf3+ (16... b5 $17 {And now ...b4 would win.} 17. a3 Nb3) 17. Kg2 Nd2 18. Bxd2 Rxd2 19. Rab1 b6 {[%cal Bb7b6,Bb6a5,Ba5a4,Ba4a3][%mdl 32]} 20. a4 Rfd8 21. a5 (21. Bf3 $17 Bxf3+ 22. Kxf3) 21... bxa5 $19 22. Bf3 Be6 23. Ne4 Rxb2 24. Rxb2 Bxb2 25. Rb1 Bd4 {[#] Threatens to win with ...a4.} 26. Rb5 (26. Rd1 {was worth a try.}) 26... a4 {Black is clearly winning.} 27. Ra5 Bb3 28. Nc5 (28. Ra6 $142) 28... Bxc5 29. Rxc5 a3 {Weighted Error Value: White=0.56/Black=0.06} 0-1

[Event "BAN-chT SAIF POWERTEC 2020"]
[Site "Dhaka"]
[Date "2021.03.23"]
[Round "5.11"]
[White "Chatterjee, Debaraj"]
[Black "Islam, Khandaker Aminul"]
[Result "1-0"]
[WhiteElo "2223"]
[BlackElo "2174"]
[Annotator "ChessBase"]
[PlyCount "105"]
[EventDate "2021.03.19"]
[EventType "team-tourn"]
[EventCountry "BAN"]
[SourceTitle "playchess.com"]
[Source "ChessBase"]
[SourceQuality "1"]
[TimeControl "5400+30"]

1. d4 {[%emt 1:30:30]} Nf6 {[%emt 1:30:30]} 2. c4 {[%emt 0:00:30]} e6 {[%emt 0:00:30]} 3. g3 {[%emt 0:00:30]} d5 {[%emt 0:00:30]} 4. Nf3 {[%emt 0:00:30]} dxc4 {[%emt 0:00:30]} 5. Bg2 {[%emt 0:00:30]} Bb4+ {[%emt 0:00:30]} 6. Bd2 {[%emt 0:00:30]} a5 {[%emt 0:00:30]} 7. Qc2 {[%emt 0:00:30]} c5 {[%emt 0:00:30]} 8. dxc5 {[%emt 0:00:30]} Bxc5 {[%emt 0:00:30]} 9. Qxc4 {[%emt 0:00:30]} Nbd7 {[%emt 0:00:30]} 10. O-O {[%emt 0:00:30]} O-O {[%emt 0:00:30]} 11. Nc3 {[%emt 0:00:30]} b6 {[%emt 0:00:30]} 12. Rfd1 {[%emt 0:00:30]} Qe7 {[%emt 0:00:30]} 13. Qh4 {[%emt 0:00:30]} Bb7 {[%emt 0:00:30]} 14. Bf4 {[%emt 0:00:30]} Bc6 {[%emt 0:00:30]} 15. Ne5 {[%emt 0:00:30]} Nxe5 {[%emt 0:00:30]} 16. Bxe5 {[%emt 0:00:30]} Bxg2 {[%emt 0:00:30]} 17. Bxf6 {[%emt 0:00:30]} Qxf6 {[%emt 0:00:30]} 18. Qxf6 {[%emt 0:00:30]} gxf6 {[%emt 0:00:30]} 19. Kxg2 {[%emt 0:00:30]} Rfc8 {[%emt 0:00:30]} 20. Na4 {[%emt 0:00:30]} b5 {[%emt 0:00:30]} 21. Nxc5 {[%emt 0:00:30]} Rxc5 22. Rac1 {[%emt 0:00:30]} Rac8 {[%emt 0:01:00]} 23. Rd8+ {[%emt 0:00:30]} Rxd8 {[%emt 0:00:30]} 24. Rxc5 {[%emt 0:00:30]} Rb8 {[%emt 0:00:30]} 25. b3 {[%emt 0:00:30]} Kg7 {[%emt 0:00:30]} 26. a4 {[%emt 0:00:30]} bxa4 {[%emt 0:00:30]} 27. bxa4 {[%emt 0:00:30]} Ra8 {[%emt 0:00:30]} 28. Kf3 {[%emt 0:00:30]} Ra7 {[%emt 0:00:30]} 29. Ke3 {[%emt 0:00:30]} f5 {[%emt 0:00:30]} 30. Kd3 {[%emt 0:00:30]} Kg6 {[%emt 0:00:30]} 31. Kc4 {[%emt 0:00:30]} f6 {[%emt 0:00:30]} 32. f4 {[%emt 0:00:30]} Kh5 {[%emt 0:00:30]} 33. h3 {[%emt 0:00:30]} Rg7 {[%emt 0:00:30]} 34. g4+ {[%emt 0:00:30]} Kh4 {[%emt 0:00:30]} 35. gxf5 {[%emt 0:00:30]} exf5 {[%emt 0:00:30]} 36. Rxf5 {[%emt 0:00:30]} Rf7 {[%emt 0:00:30]} 37. e4 {[%emt 0:00:30]} Kxh3 {[%emt 0:00:30]} 38. e5 {[%emt 0:00:30]} Rc7+ {[%emt 0:00:30]} 39. Kd5 {[%emt 0:00:30]} fxe5 {[%emt 0:00:30]} 40. fxe5 {[%emt 0:00:30]} Rd7+ {[%emt 0:00:30]} 41. Kc6 {[%emt 0:00:30]} Rd4 {[%emt 0:00:30]} 42. e6 {[%emt 0:00:30]} Rxa4 {[%emt 0:00:30]} 43. e7 {[%emt 0:00:30]} Re4 {[%emt 0:00:30]} 44. Kd6 {[%emt 0:00:30]} Rxe7 {[%emt 0:00:30]} 45. Kxe7 {[%emt 0:00:30]} Kg4 {[%emt 0:00:30]} 46. Rxa5 {[%emt 0:00:30]} h5 {[%emt 0:00:30]} 47. Kf6 {[%emt 0:00:30]} h4 {[%emt 0:00:30]} 48. Ra4+ {[%emt 0:00:30]} Kg3 {[%emt 0:00:30]} 49. Kg5 {[%emt 0:00:30]} h3 {[%emt 0:00:30]} 50. Ra3+ {[%emt 0:00:30]} Kg2 {[%emt 0:00:30]} 51. Kg4 {[%emt 0:00:30]} h2 {[%emt 0:00:30]} 52. Ra2+ {[%emt 0:00:30]} Kg1 {[%emt 0:00:30]} 53. Kg3 {[%emt 0:00:30]} 1-0

[Event "BAN-chT SAIF POWERTEC 2020"]
[Site "Dhaka"]
[Date "2021.03.23"]
[Round "5.12"]
[White "Subrota, Biswas"]
[Black "Islam, Mohammad Aminul"]
[Result "1-0"]
[WhiteElo "2262"]
[BlackElo "2078"]
[Annotator "ChessBase"]
[PlyCount "99"]
[EventDate "2021.03.19"]
[EventType "team-tourn"]
[EventCountry "BAN"]
[SourceTitle "playchess.com"]
[Source "ChessBase"]
[SourceQuality "1"]
[TimeControl "5400+30"]

1. d4 {[%emt 1:30:30]} Nf6 {[%emt 1:30:30]} 2. c4 {[%emt 0:00:30]} d6 {[%emt 0:00:30]} 3. Nc3 {[%emt 0:00:30]} e5 {[%emt 0:00:30]} 4. d5 {[%emt 0:00:30]} c6 {[%emt 0:00:30]} 5. e4 {[%emt 0:00:30]} Be7 {[%emt 0:00:30]} 6. Be2 {[%emt 0:00:30]} Na6 {[%emt 0:00:30]} 7. Be3 {[%emt 0:00:30]} Qa5 {[%emt 0:00:30]} 8. f3 {[%emt 0:00:30]} O-O {[%emt 0:00:30]} 9. a3 {[%emt 0:00:30]} cxd5 {[%emt 0:00:30]} 10. cxd5 {[%emt 0:00:30]} Bd7 {[%emt 0:00:30]} 11. b4 {[%emt 0:00:30]} Qd8 {[%emt 0:00:30]} 12. Bd3 {[%emt 0:00:30]} Nh5 {[%emt 0:00:30]} 13. Qd2 {[%emt 0:00:30]} Nf4 {[%emt 0:00:30]} 14. Bc2 {[%emt 0:00:30]} Rc8 {[%emt 0:00:30]} 15. g3 {[%emt 0:00:30]} Qc7 {[%emt 0:00:30]} 16. gxf4 {[%emt 0:00:30]} Qxc3 {[%emt 0:00:30]} 17. Qxc3 {[%emt 0:00:30]} Rxc3 {[%emt 0:00:30]} 18. Kd2 {[%emt 0:00:30]} Rfc8 {[%emt 0:00:30]} 19. Bd3 {[%emt 0:00:30]} exf4 {[%emt 0:00:30]} 20. Bd4 {[%emt 0:00:30]} Bf6 {[%emt 0:00:30]} 21. Bxf6 {[%emt 0:00:30]} gxf6 {[%emt 0:00:30]} 22. Ne2 {[%emt 0:00:30]} Rb3 {[%emt 0:00:30]} 23. Ra2 {[%emt 0:00:30]} Kf8 {[%emt 0:00:30]} 24. Rf1 {[%emt 0:00:30]} Nb8 {[%emt 0:00:30]} 25. Bc2 {[%emt 0:00:30]} Re3 {[%emt 0:00:30]} 26. Bd3 {[%emt 0:00:30]} Rxd3+ {[%emt 0:00:30]} 27. Kxd3 {[%emt 0:00:30]} Bb5+ {[%emt 0:00:30]} 28. Kd2 {[%emt 0:00:30]} Nd7 {[%emt 0:00:30]} 29. Rc1 {[%emt 0:00:30]} Rxc1 {[%emt 0:00:30]} 30. Nxc1 {[%emt 0:00:30]} Ne5 {[%emt 0:00:30]} 31. Kc3 {[%emt 0:00:30]} Bc4 {[%emt 0:00:30]} 32. Nb3 {[%emt 0:00:30]} f5 {[%emt 0:00:30]} 33. exf5 {[%emt 0:00:30]} Bxd5 {[%emt 0:00:30]} 34. Rd2 {[%emt 0:00:30]} Bxb3 {[%emt 0:00:30]} 35. Kxb3 {[%emt 0:00:30]} Ke7 {[%emt 0:00:30]} 36. Rd4 {[%emt 0:00:30]} Kf6 {[%emt 0:00:30]} 37. Rxf4 {[%emt 0:00:30]} b5 {[%emt 0:00:30]} 38. Rh4 {[%emt 0:00:30]} Kg7 {[%emt 0:00:30]} 39. Rd4 {[%emt 0:00:30]} Kf6 {[%emt 0:00:30]} 40. Rxd6+ {[%emt 0:00:30]} Kxf5 {[%emt 0:00:30]} 41. Rh6 {[%emt 0:00:30]} Nxf3 {[%emt 0:00:30]} 42. Rxh7 {[%emt 0:00:30]} Kg6 {[%emt 0:00:30]} 43. Rh3 {[%emt 0:00:30]} Nd4+ {[%emt 0:00:30]} 44. Kc3 {[%emt 0:00:30]} Ne2+ {[%emt 0:00:30]} 45. Kd2 {[%emt 0:00:30]} Nf4 {[%emt 0:00:30]} 46. Rg3+ {[%emt 0:00:30]} Kf5 {[%emt 0:00:30]} 47. Ke3 {[%emt 0:00:30]} Nd5+ {[%emt 0:00:30]} 48. Kf3 {[%emt 0:00:30]} Nf6 {[%emt 0:00:30]} 49. h4 {[%emt 0:00:30]} Nh7 {[%emt 0:00:30]} 50. Rg7 {[%emt 0:00:30]} 1-0

[Event "BAN-chT SAIF POWERTEC 2020"]
[Site "Dhaka"]
[Date "2021.03.24"]
[Round "6.1"]
[White "Ganguly, Surya Shekhar"]
[Black "Chowdhury, Sohel"]
[Result "1-0"]
[WhiteElo "2635"]
[BlackElo "2149"]
[Annotator "TA"]
[PlyCount "87"]
[EventDate "2021.03.19"]
[EventType "team-tourn"]
[EventCountry "BAN"]
[SourceTitle "playchess.com"]
[Source "ChessBase"]
[SourceQuality "1"]

{[%evp 9,87,-2,24,24,23,24,25,24,41,14,39,41,52,38,60,59,55,50,58,43,37,29,42,30,59,33,33,45,52,55,93,42,74,66,114,114,134,134,134,134,212,211,220,212,214,213,323,189,320,306,310,199,377,370,521,537,535,535,506,448,588,569,581,565,505,425,656,637,2395,2154,29970,29970,29987,29987,29986,29987,29991,29992,29994,29995]} 1. e4 c6 2. Nf3 d5 3. d3 dxe4 4. dxe4 Qxd1+ 5. Kxd1 Bg4 6. Be2 {B10: Caro-Kann: 2 d3 and 2 c4.} Nd7 7. Ne1 Bxe2+ 8. Kxe2 {White has an edge.} e5 9. f3 f6 10. a4 {[#]} Ne7 $146 ({Predecessor:} 10... a5 11. Nd2 Nb6 12. Nd3 Nh6 13. Nb3 Nc4 14. Bxh6 gxh6 15. Nd2 Nb6 16. Nf1 Rg8 {½-½ (51) Gharamian,T (2602)-Bagheri,A (2348) Playchess.com INT 2021}) 11. Nd3 Ng6 12. Be3 Be7 13. Nd2 Ngf8 14. b4 Ne6 15. c3 Kf7 16. Nc4 b6 17. g3 Rhc8 18. Rhd1 Rd8 19. h4 h6 20. h5 ({Better is} 20. f4 $16) 20... Rac8 21. Bf2 {Black is on the road to losing.} c5 {Strongly threatening ...cxb4.} 22. b5 Nc7 23. f4 exf4 24. gxf4 Nf8 (24... Ne8 $16 {was necessary.}) 25. f5 $18 Nh7 26. Bg3 Ng5 27. Ke3 Kg8 (27... Ke8 $142 28. Nf2 Na8) 28. Nf2 (28. Nf4 $142) 28... Ne8 {[#]} (28... Nf7 $142 29. Rxd8+ Bxd8) 29. a5 $1 Rxd1 30. Nxd1 Bd8 $2 (30... Nf7 31. axb6 axb6 32. Nxb6 Rd8) 31. axb6 Bxb6 (31... axb6 $142 32. Ra6 Bc7) 32. Nxb6 axb6 33. Ra6 Rd8 34. Nb2 ({Not} 34. Nf2 Nd6 $18) 34... Nd6 35. Bxd6 Rxd6 {[%mdl 4096] Endgame KRN-KRN} 36. Nc4 Rd1 37. Rxb6 Re1+ (37... Rh1 $142 38. Rb8+ Kf7) 38. Kd3 Nxe4 39. Re6 Nf2+ 40. Kc2 {White mates.} Ra1 41. Re8+ Kh7 42. b6 {[%cal Bb5b6,Bb6b7][%mdl 32]} Ra2+ 43. Kb1 Ra4 {[#]} 44. b7 $1 {Weighted Error Value: White=0.13/Black=0.56} 1-0

[Event "BAN-chT SAIF POWERTEC 2020"]
[Site "Dhaka"]
[Date "2021.03.24"]
[Round "6.2"]
[White "Puranik, Abhimanyu"]
[Black "Sadhwani, Raunak"]
[Result "1-0"]
[WhiteElo "2584"]
[BlackElo "2545"]
[Annotator "TA"]
[PlyCount "53"]
[EventDate "2021.03.19"]
[EventType "team-tourn"]
[EventCountry "BAN"]
[SourceTitle "playchess.com"]
[Source "ChessBase"]
[SourceQuality "1"]

{[%evp 9,53,-5,7,0,0,0,0,0,0,0,-12,-16,8,8,0,15,17,0,0,0,-3,0,25,22,37,58,64,66,80,66,109,64,112,111,228,236,225,220,487,489,660,653,643,642,887,666]} 1. d4 d5 2. Nf3 Nf6 3. Bf4 c5 4. e3 Nc6 5. Nbd2 e6 6. Bb5 {D02: 1 d4 d5 2 Nf3 sidelines, including 2...Nf6 3 g3 and 2...Nf6 3 Bf4.} Qb6 7. c4 {[#]} Bd7 $146 {[%cal Rc5d4]} ({Predecessor:} 7... dxc4 8. a4 cxd4 9. exd4 Bb4 10. O-O Bxd2 11. Nxd2 Qxd4 12. Be3 Qd5 13. Nxc4 O-O {½-½ (81) Pert,R (2436)-Grover,S (2508) London 2019}) 8. dxc5 {The position is equal.} Bxc5 9. O-O O-O 10. Rc1 a6 11. Ba4 Be7 12. cxd5 Nxd5 13. Nc4 Qd8 {[#] Strongly threatening ...b5.} 14. Bb3 Nxf4 15. exf4 Nb4 16. a3 Nd5 17. f5 Bf6 18. Nce5 Bb5 19. Re1 Nf4 20. fxe6 fxe6 21. g3 Nd5 (21... Nd3 $16) 22. Nd4 $18 Nc7 23. Nxb5 ({Don't do} 23. Nxe6 Nxe6 24. Bxe6+ Kh8) 23... axb5 $2 (23... Qxd1 24. Rexd1 Nxb5) 24. Nd7 {White is clearly winning.} Rf7 {[#]} 25. Rxc7 {[%mdl 512]} Qxc7 26. Bxe6 Qd8 27. Bb3 {Weighted Error Value: White=0.04/Black=0.41} 1-0

[Event "BAN-chT SAIF POWERTEC 2020"]
[Site "Dhaka"]
[Date "2021.03.24"]
[Round "6.3"]
[White "Mollah Abdullah, Al Rakib"]
[Black "Narayanan.S.L"]
[Result "1/2-1/2"]
[WhiteElo "2463"]
[BlackElo "2618"]
[Annotator "TA"]
[PlyCount "81"]
[EventDate "2021.03.19"]
[EventType "team-tourn"]
[EventCountry "BAN"]
[SourceTitle "playchess.com"]
[Source "ChessBase"]
[SourceQuality "1"]

{[%evp 9,81,16,20,0,0,2,1,0,0,0,0,0,0,0,0,-14,0,0,2,0,-1,-68,-43,-43,-31,-41,-12,-14,-7,-35,-36,-72,-53,-55,-60,-67,-71,-44,-32,-70,-62,-83,-70,-77,17,-53,-20,-118,0,0,0,0,0,0,0,0,0,0,0,0,0,0,0,0,0,-33,-41,-47,0,0,0,0,0,0]} 1. d4 Nf6 2. Nf3 d5 3. c4 e6 4. Nc3 Bb4 5. cxd5 exd5 6. Bf4 {D38: Queen's Gambit Declined: Ragozin Defence (4 Nf3 Bb4).} Ne4 7. Rc1 Nc6 8. Nd2 g5 9. Bg3 Nxg3 10. hxg3 Nxd4 11. e3 Bxc3 12. bxc3 Ne6 13. Qf3 {[#]} c6 $146 ({Predecessor:} 13... Ng7 14. Nb3 Qd6 15. Bd3 g4 16. Qe2 Be6 17. O-O O-O 18. Rfd1 Rad8 19. c4 Qe7 20. cxd5 Rxd5 {½-½ (63) Rous,D (2220)-Teh,E (2285) Prague 2017}) 14. c4 d4 15. Nb3 ({White should play} 15. Rd1 $11) 15... Qe7 $15 16. Be2 dxe3 17. Qxe3 Qf6 18. O-O O-O 19. Rcd1 Ng7 20. Qc5 Re8 21. Rd6 Qe7 22. Bd3 {[#]} Nf5 $1 23. Bxf5 Bxf5 24. Rfd1 Qe5 25. Qb4 Bg4 26. R1d4 a5 27. Qd2 (27. Qxb7 $11 Be6 28. Qxc6) 27... Be6 28. Nc1 {[#]} (28. Rd3 $11) 28... h5 (28... Bd5 $1 $17 {[%mdl 512]} 29. Rd7 Qe1+ 30. Kh2 Qxd2 31. Rxd2 Bxc4 32. Rxb7 a4) 29. Nd3 $11 Qf5 30. f3 a4 31. g4 hxg4 32. Rxg4 f6 33. Re4 Bf7 34. Nf2 {With the idea Ng4.} Kg7 35. Rd7 b5 36. cxb5 cxb5 37. Rxe8 (37. g4 $5 {[%cal Rg4f5]} Qc5 38. Kg2 $11) 37... Rxe8 38. Ne4 {Hoping for Rxf7+!} Qe5 39. Nd6 $1 {The position is equal.} Rf8 40. a3 Kg8 41. Qd3 {Weighted Error Value: White=0.18/Black=0.13} 1/2-1/2

[Event "BAN-chT SAIF POWERTEC 2020"]
[Site "Dhaka"]
[Date "2021.03.24"]
[Round "6.4"]
[White "Chatterjee, Debaraj"]
[Black "Rahman, Ziaur"]
[Result "0-1"]
[WhiteElo "2223"]
[BlackElo "2419"]
[Annotator "TA"]
[PlyCount "113"]
[EventDate "2021.03.19"]
[EventType "team-tourn"]
[EventCountry "BAN"]
[SourceTitle "playchess.com"]
[Source "ChessBase"]
[SourceQuality "1"]

{[%evp 17,113,4,31,18,6,0,0,0,6,-11,0,-8,0,0,0,-9,-22,8,2,0,0,-68,-77,-66,-74,-66,-67,-65,-58,-81,-50,-54,0,0,0,0,14,23,19,-6,0,-8,72,9,58,35,85,0,0,0,0,0,0,0,0,0,-8,-43,-10,-167,-72,-68,-67,-91,-25,-110,-95,-121,0,-120,-122,-386,-411,-370,-302,-302,-302,-411,-363,-458,-383,-404,-390,-391,-391,-277,-247,-806,-802,-812,-695,-725,-744,-722,-714,-667,-510,-419]} 1. d4 e6 2. c4 d5 3. Nf3 Nf6 4. g3 Bb4+ 5. Bd2 Be7 6. Bg2 O-O 7. O-O Nbd7 {[%cal Bb8d7,Bd7f6,Bf6d5][%mdl 32]} 8. Qc2 c6 9. Rd1 Ne4 10. Be1 {E11: Bogo-Indian.} f5 11. Nfd2 Ndf6 {[#]} 12. Nxe4 $146 {The position is equal.} ({Predecessor:} 12. Nf1 Bd7 13. b3 Be8 14. Nc3 Bg6 15. Qb2 Bd6 16. f3 Nxc3 17. Bxc3 h5 18. e3 {1-0 (75) Jumabayev,R (2654)-Suvorov,L (2279) chess.com INT 2020}) 12... fxe4 13. f3 Bd7 14. Nc3 {[%cal Rf3e4]} exf3 15. exf3 dxc4 16. a4 Nd5 17. Qe2 Kh8 18. Bf2 b5 19. axb5 ({White should try} 19. f4 $11) 19... cxb5 $15 20. f4 a5 {[%cal Ba7a5,Ba5a4][%mdl 32]} 21. Ne4 ({Much weaker is} 21. Nxd5 exd5 22. Bxd5 Bg4 $11) 21... a4 22. Nc5 c3 23. Bxd5 exd5 24. bxc3 Bf6 (24... Bd6 $15) 25. Qf3 Bf5 26. g4 Bc8 27. Rdb1 Bh4 28. Bg3 Bxg3 29. hxg3 {[#]} Qe8 (29... Qg5 $1 $11) 30. Re1 (30. Nd3 $16) 30... Qf7 (30... Qg6 {looks sharper.} 31. f5 Qd6 32. Re5 g6 33. Nd3 gxf5 34. gxf5 Ra7) 31. Re5 a3 32. f5 (32. Re2 $16) 32... g6 $1 $11 {[%cal Rg6f5]} 33. Qe3 {Threatens to win with Re7.} gxf5 {...f4 is the strong threat.} 34. Re7 Qg6 35. Qe5+ Qf6 36. g5 Qxe5 37. Rxe5 (37. dxe5 {is interesting.} f4 38. e6 Kg8 39. Kg2 a2 40. Nd3) 37... Kg7 {Strongly threatening ...f4.} 38. Ra2 $2 (38. Nd3 $1 $11 {and White is okay.}) 38... Kg6 (38... f4 $19 {has better winning chances.} 39. Kg2 fxg3 40. Kxg3 Rf5 41. Re7+ Kg6) 39. Nd3 $17 Kxg5 40. Nf4 h5 ({Better is} 40... Ra7 $17 41. Rxd5 Re8) 41. Nh3+ (41. Re7 $1 $11 {remains equal.}) 41... Kh6 42. Nf4 {[#]} Rf6 (42... Bd7 $1 $17 43. Rxd5 Be8) 43. Rxd5 (43. Re7 $1 $11 {was the only way to keep the balance.} h4 44. Rh2) 43... Rc6 44. Rc5 {[%mdl 8192]} (44. Rxb5 $17 Rxc3 45. Kf2) 44... Rxc5 $19 45. dxc5 {[%mdl 4096] Endgame KRB-KRN} Bb7 46. Kf2 Be4 47. Ke3 Ra4 48. Ne2 Bd5 49. Ra1 a2 50. Nd4 Kg5 51. c6 {White hopes to continue with c7.} Rc4 52. Nxb5 (52. Rxa2 Rxc3+ 53. Kd2 Rxc6 54. Ra7) 52... Bxc6 {Black is clearly winning.} 53. Nd4 Bd5 54. Kd2 Rc8 55. Nc2 Bf7 56. Ne3 Bb3 57. c4 {Weighted Error Value: White=0.37/Black=0.23} 0-1

[Event "BAN-chT SAIF POWERTEC 2020"]
[Site "Dhaka"]
[Date "2021.03.24"]
[Round "6.5"]
[White "Adhiban, B.."]
[Black "Alam, Monjur"]
[Result "1-0"]
[WhiteElo "2659"]
[BlackElo "1853"]
[Annotator "TA"]
[PlyCount "86"]
[EventDate "2021.03.19"]
[EventType "team-tourn"]
[EventCountry "BAN"]
[SourceTitle "playchess.com"]
[Source "ChessBase"]
[SourceQuality "1"]

{[%evp 19,86,35,42,33,35,40,40,42,68,57,75,75,68,50,59,49,39,42,60,51,45,29,52,33,86,90,95,92,100,35,121,100,138,123,125,98,101,101,104,102,104,101,118,122,104,93,173,170,173,166,183,172,315,199,502,488,725,731,710,878,919,915,878,902,886,867,839,752,29989]} 1. e4 e6 2. d4 d5 3. Nc3 dxe4 4. Nxe4 Bd7 5. Nf3 Bc6 6. Bd3 Nd7 7. O-O Ngf6 8. Ng3 Be7 9. Qe2 Bxf3 {9...Bxf3 scores better than 9...0-0.} 10. Qxf3 c6 11. c3 {C10: French with 3 Nc3: Unusual Black 3rd moves and 3...dxe4.} O-O 12. Re1 Re8 13. a4 $5 {[%cal Ba2a4,Ba4a5][%mdl 4] [#] White is slightly better. Exploring less charted territory.} Nf8 $146 ({Predecessor:} 13... a5 14. Bd2 Qb6 15. Ra2 Qb3 16. Bb1 c5 17. Ne2 c4 18. Nf4 Bd6 19. Nh5 e5 20. dxe5 Rxe5 21. Nxf6+ Nxf6 22. Rxe5 Bxe5 {½-½ (49) Pierucci,F (1950)-Arias,J (2116) Villa Martelli 2017}) 14. a5 Qd5 15. Ne4 a6 16. Bf4 Ng6 17. Bg3 Rad8 18. h3 Qd7 19. Nxf6+ Bxf6 20. Re3 Bg5 21. Re4 f5 ({Black should try} 21... Qd5 $14) 22. Ree1 $16 Kh8 23. Rad1 Bf6 24. Bc4 (24. Qe3 $16) 24... Nf8 ({Black should play} 24... f4 $1 $14 25. Bh2 (25. Bxf4 Nxf4 26. Qxf4 e5 $11) 25... e5) 25. b4 g6 26. Be5 Qg7 27. Re3 Bxe5 28. Rxe5 Re7 29. Rde1 {[%cal Bd1e1,Be1e3,Be3g3][%mdl 32]} Rde8 30. R1e3 Qf6 {Black wants to play ...Nd7.} 31. Qe2 Kg7 32. g4 Kf7 (32... Qh4 $16 {is a better defense.}) 33. f4 $18 h6 34. Rg3 {aiming for gxf5.} Qh4 35. Qg2 {[#] Black must now prevent gxf5.} fxg4 (35... Kf6 $142) 36. hxg4 {Strongly threatening g5.} ({Don't take} 36. Rxg4 $6 Qf6 $18) 36... Qf6 $2 (36... Kg8 {is more resistant.} 37. Rh3 Qf6) 37. g5 {White is clearly winning.} Qg7 (37... Qh8 $142 38. gxh6 Qxh6) 38. f5 Rc7 39. f6 Qh7 40. Rh3 h5 41. Rhe3 Rd7 42. Qh2 Rd6 43. R5e4 Red8 {Weighted Error Value: White=0.12/Black=0.31} 1-0